| 000 | 00810 a2200193 4500 | ||
|---|---|---|---|
| 003 | Nust | ||
| 005 | 20170207154015.0 | ||
| 020 | _a1-878707-50-7 (pbk) ; | ||
| 040 | _cNust | ||
| 082 | _a621.381531 | ||
| 100 | 1 | _aVarteresian, Jon | |
| 245 | 0 | 0 |
_aFabricating printed circuit boards-(E-BOOK) _cJon Varteresian |
| 260 |
_aNew York : _bNewnes, _ccop. 2002 |
||
| 300 |
_axiv, 236 p. : _bill. + _e1 CD-ROM ; _c24cm |
||
| 505 | _a1 Schematic Capture 1-2 Basic Circuit Board Placement and Routing Considerations 11-3 Placement and Routing Considerations for Various Circuit Designs 35-4 Real World Guidelines for Commercial Fabrication Houses 57-5 Making Printed Circuit Boards 69-6 Project Plans 89-7 Resource List. 97 | ||
| 650 | 7 | _aElectronic circuits | |
| 650 | 7 | _aElektroniska kretsar | |
| 650 | 7 | _aPrinted circuits | |
| 942 |
_2ddc _cBK |
||
| 999 |
_c191374 _d191374 |
||